UK Geography Quiz by Letter - E - Statistics

General Stats
  • This quiz has been taken 105 times
  • The average score is 9 of 15
Answer Stats
Hint Answer % Correct
Capital of Scotland Edinburgh
98%
Until 2006, it was the world's largest Ferris Wheel London {Eye}
97%
The French call it "La Manche" {English} Channel
95%
Constituent country of the United Kingdom England
93%
County in the east of England Essex
90%
Football club or district of Liverpool Everton
86%
Region that incorporates the counties of Norfolk and Suffolk East Anglia
69%
London street featured on a Monopoly Board, also a major rail station {Euston} Road
57%
Seaside resort town on the South coast Eastbourne
46%
National Park in the South West Exmoor
45%
River that almost crosses the entire county of Devon River {Exe}
43%
Scottish town with namesake controversial statues made of marble Elgin
38%
District of London famous for film-making Ealing
37%
Northern Irish town associated with President Bill Clinton Enniskillen
25%
Welsh National Park also known as "Snowdonia" Eryri
14%
No matching quizzes found
Score Distribution
Percent of People with Each Score
Percentile by Number Answered
Your Score History
You have not taken this quiz